Horror Movie Directors - Statistics

General Stats
  • This quiz has been taken 180 times
    175 since last reset
  • The average score is 13 of 30
Answer Stats
Movie Director % Correct
A Nightmare on Elm Street Wes Craven
90%
The Thing John Carpenter
88%
Night of the Living Dead George A Romero
80%
The Fly David Cronenberg
77%
Rosemary's Baby Roman Polanski
76%
The Evil Dead Sam Raimi
76%
Texas Chainsaw Massacre Tobe Hooper
73%
Blue Velvet David Lynch
71%
Carrie Brian De Palma
67%
Insidious James Wan
65%
Suspiria Dario Argento
59%
28 Days Later Danny Boyle
58%
The Devil's Backbone Guillermo Del Toro
43%
Frankenstein James Whale
40%
Freaks Tod Browning
40%
Audition Takashi Miike
36%
Hellraiser Clive Barker
33%
Nosferatu F.W. Murnau
22%
Black Sunday Mario Bava
22%
Ringu Hideo Nakata
18%
The Cabinet of Dr. Caligari Robert Wiene
18%
Re-Animator Stuart Gordon
18%
Let The Right One In Tomas Alfredson
18%
The Fall of the House of Usher Roger Corman
14%
Cannibal Holocaust Ruggero Deodato
12%
House on Haunted Hill William Castle
12%
Cat People Jaques Tourneur
10%
Creature From Black Lagoon Jack Arnold
7%
Ju-On Takashi Shimizu
7%
The Mummy Terence Fisher
4%
No matching quizzes found
Score Distribution
Percent of People with Each Score
Percentile by Number Answered
Your Score History
You have not taken this quiz since the last reset